000 01368nam0a22003251 4500
001 RU\NLR\A2\4114
005 20251203171251.9
035 _a(NLR Aleph) 009857636
090 _a10371128
_c10371128
100 _a20251214 rusy50
101 1 _ager
_crus
102 _aRU
200 1 _aBefehl Seiner Kayserlichen Majestät des Selbstherrschers aller Reussen aus dem dirigirenden Senate zu jedermanniglichen Wissenschaft
210 _a[St. Petersburg (St.- Peterburg)]
_cS. n.
_d[1799]
215 _a18 c.
_d
303 _aБез тит. л. Описано по заголовку перед текстом. Перед загл.: Uebersetzung
306 _aНа с. 4 вых. дан.: Gedruckt zu St. Petersburg den 17ten December 1799.
314 _aВ конце текста подпись: Präsident des Commerzcollegii Fürst Gagarin.
321 1 _aСК XVIII(ин.) 306
327 0 _aC. 5-18: Verzeichniss einkommender Waaren von welchen nach dem Tarif der Zoll dem Werthe nach vom Rubel gehoben wurde, nun aber solcher von Zahl und Maass gehoben werden soll.
620 _dSt.- Peterburg
702 1 _aGagarin
_bG.P.
_f1745-1808
_gGavriil Petrovič
_4720
801 0 _aRU
_bNLR
_c19960710
852 _aNLR
_bRossica
_j21.8.3.63-64
942 _cBOOK
980 _aNB
980 _aRossica
980 _ain18